Equipos que han ganado la ligue 1-Muerte súbita - Estadísticas

Estadísticas generales
  • Esta prueba ha sido intentada 67 veces
  • La puntuación promedio es 9 de 20
Answers on the Grid
Answers color-coded by a green-red scale on the quiz's grid according to % correct below.
PSG
Saint-Étienne
Olimpique de Marsella
Mónaco
Nantes
Lyon
Girondins
Stade Reims
Lille
Nice
Sochaux
Sète
FC Lorient
Lens
Racing Club París
Racing Estrasburgo
Auxerroise
Roubaix-Tourcoing
Montpellier
Clermont Foot 63
Amiens SC
SM Caen
ESTAC Troyes
Stade Lavallois
Red Star FC
Stade Lavallois
C Annecy
FC Martigues
AC Ajaccio
Grenoble Foot 38
USL Dunkerque
EA Guingamp
 
Estadísticas de respuestas
Respuesta % Correcto
PSG
95%
Lyon
86%
Mónaco
82%
Olimpique de Marsella
75%
Lille
70%
Montpellier
66%
Stade Reims
64%
Saint-Étienne
59%
Girondins
50%
Nice
50%
Lens
48%
Nantes
43%
Racing Estrasburgo
25%
Racing Club París
20%
Auxerroise
18%
Sochaux
14%
EA Guingamp
11%
Roubaix-Tourcoing
5%
Sète
0%
USL Dunkerque
0%
No se encontraron pruebas coincidentes
Distribución de puntuación
Porcentaje de gente con cada puntuación
Porcentaje por número respondido
Historial de tus puntuaciones
No has intentado esta prueba.